• 首页
  • 本馆介绍
  • 公告通知
  • 最新文献
  • 馆藏检索
  • 电子资源
  • 读者导购
  • 参考咨询
  • 我的图书馆
  • 登录
  • 详细信息显示
  • 放入我的书架
  • 预约/预借图书
  • 作者相关作品
  • 分类相关作品
  • 丛书相关作品
  • 出版社相关作品

书目信息

  • 表格格式
  • 工作单格式
  • 卡片格式
题名:
自强不息 厚德载物
    
 
作者: 胡显章, 主编
分册:  
出版信息: 北京   清华大学出版社  2013
页数: 399页
开本: 24cm
丛书名:
单 册:
中图分类: G649.281 , K820
科图分类:
主题词:
电子资源:
ISBN: 978-7-302-31755-5
000 00928nam0 2200289 450
001 012001003423
005 20191030085626.26
010    @a978-7-302-31755-5@dCNY79.00
099    @aCAL 012013062681
100    @a20130517d2013 em y0chiy50 ea
101 0  @achi
102    @aCN@b110000
105    @aa z 000yd
106    @ar
200 1  @a自强不息 厚德载物@Azi qiang bu xi hou de zai wu@e清华精神巡礼@f主编胡显章
205    @a第2版@b修订版
210    @a北京@c清华大学出版社@d2013
215    @a399页@c图@d24cm
305    @a2010年第1版
517 1  @a清华精神巡礼@Aqing hua jing shen xun li
601 02 @a清华大学@Aqing hua da xue@x校史@x史料
601 02 @a清华大学@Aqing hua da xue@x名人@x生平事迹
690    @aG649.281@v4
690    @aK820@v4
701  0 @a胡显章,@AHu Xianzhang@f1939-@4主编@3CAL n2004214457#@7jt0yjt0y@7ec0yec0y
801  2 @aCN@b江苏凤凰@c20191020
905    @b1226779-82@dG649.281@e1335=2@f4
    
    自强不息 厚德载物:清华精神巡礼/主编胡显章.-第2版,修订版.-北京:清华大学出版社,2013
    399页:图;24cm
    
    
    ISBN 978-7-302-31755-5:CNY79.00
    
●
相关链接 在E读中查询图书 在五车中查询图书 在当当中查询图书 在豆瓣中查询图书


正题名:自强不息 厚德载物     索取号:G649.281/1335=2         预约/预借

序号 登录号 条形码 馆藏地/架位号 状态 备注
1 1226779   212267795   第一样本阅览室/ [索取号:G649.281/1335=2] 在馆    
2 1226780   212267802   教育系资料室/ [索取号:G649.281/1335=2] 在馆    
3 1226781   212267811   教育系资料室/ [索取号:G649.281/1335=2] 在馆    
4 1226782   212267820   第四借阅区/ [索取号:G649.281/1335=2] 在馆    
唐山师范学院图书馆 欢迎您!
大连网信软件有限公司© 版权所有